Marketing internacional / Michael R. Czinkota (Registro nro. 16432)
[ vista simple ]
| 000 -LÍDER | |
|---|---|
| fixed length control field | 00530nam a2200169 4500 |
| 008 - ELEMENTOS DE LONGITUD FIJA -- INFORMACIÓN GENERAL | |
| fixed length control field | 0 2002 0aLT 000 0MEX |
| 020 ## - NÚMERO INTERNACIONAL NORMALIZADO PARA LIBROS | |
| ISBN | 970-26-0261-0 |
| 050 ## - SIGNATURA TOPOGRAFICA DE LA BIBLIOTECA DEL CONGRESO (LC) | |
| Número de Clasificación | HF1009.5 C9518 2002 |
| 082 ## - NUMERO DE CLASIFICACION DECIMAL DEWEY | |
| Número de Clasificación | 658.8 C299m |
| 100 ## - ASIENTO PRINCIPAL--NOMBRE PERSONAL | |
| Nombre personal | Czinkota, Michael R. |
| 245 ## - TÍTULO | |
| Título | Marketing internacional / Michael R. Czinkota |
| 250 ## - MENCIÓN DE EDICIÓN | |
| Mención de edición | 6 |
| 260 ## - PUBLICACIÓN, DISTRIBUCIÓN, ETC. (PIE DE IMPRENTA) | |
| Lugar de publicación, distribución, etc. | México : Pearson educación |
| 300 ## - DESCRIPCIÓN FÍSICA | |
| Extensión | p.v. / 27 cm. |
| 500 ## - NOTA GENERAL | |
| Nota general | Incluye CD-Rom |
| 650 ## - ASIENTO SECUNDARIO DE MATERIA - TERMINO TEMÁTICO | |
| Término temático o nombre geográfico como elemento de entrada | 1.COMERCIO INTERNACIONAL \ 2.MERCADOTECNIA DE EXPORTACION \ 3.EMPRESAS COMERCIALES |
| No. biblioteca | No. biblioteca | Número de clasificación | Código de barras/Número de adquisición | Número de copia | Tipo de material |
|---|---|---|---|---|---|
| LUIS G. INCLAN | LUIS G. INCLAN | 658.8 C299m | 42813 | 1 | Libros |
| LUIS G. INCLAN | LUIS G. INCLAN | 658.8 C299m | 42814 | 2 | Libros |
